000 00614nam a2200217Ia 4500
005 20241129115756.0
008 241129s9999||||xx |||||||||||||| ||und||
020 _a9789391524616
037 _aTB
040 _aSDCL
_beng
_cSDCL
041 _ahin
_2hin
084 _aO152:gxN122 R2
_qSDCL
100 _aSharma Dr Ramvilas; Sharma Vijay Moham Ed.; Sharma Mukul Ed.
_9728318
245 0 _aAnuvadit Kavitaye
260 _aNew Delhi
_bAnamika Publishers India
_c2022
300 _a274p.
365 _aINR
_b700
650 _aHindi
942 _cTB
_hO152:gxN122 R2
999 _c1231965
_d1231965